College Quizbowl Stats
College Quizbowl Stats
Circuits
Seasons
Sets
Records
Detailed Stats
About
Loading...
2024 ACF Fall at Washington
Tossups
Bonuses
Players
Teams
Categories (Tossup)
Categories (Bonus)
Taman Truong
Arizona State B
Categories
Category
Powers
Gets
Negs
BBs
Points
Earliest Buzz
Avg. Buzz
First Buzzes
Top 3 Buzzes
Science - Physics
0
4
0
0
40
48
60.00
1
3
History - American History
0
1
0
1
10
97
97.00
0
0
Science - Biology
0
1
0
0
10
95
95.00
0
0
Science - Chemistry
0
1
0
0
10
79
79.00
0
0
Fine Arts - Classical Music
0
0
1
0
-5
0.00
0
0
Buzzes
Category
Answer
Value
Buzz Position
Science - Physics
Erwin Schrödinger
10
48
Fine Arts - Classical Music
piano sonatas
-5
54
Science - Physics
diodes
10
58
Science - Physics
Faraday’s law of electromagnetic induction
10
63
Science - Physics
index of refraction
10
71
Science - Chemistry
mercury
10
79
Science - Biology
iron
10
95
History - American History
1972 US Presidential election
10
97
Previous
1
Next